South Eastern Kenya University

Library Online Public Access Catalogue


Judicial review: law procedures and practise (Record no. 18360)

MARC details
000 -LEADER
fixed length control field 00526nam a22002057a 4500
003 - CONTROL NUMBER IDENTIFIER
control field OSt
005 - DATE AND TIME OF LATEST TRANSACTION
control field 20231014080014.0
008 - FIXED-LENGTH DATA ELEMENTS--GENERAL INFORMATION
fixed length control field 231014b |||||||| |||| 00| 0 eng d
020 ## - INTERNATIONAL STANDARD BOOK NUMBER
International Standard Book Number 6164000597091
040 ## - CATALOGING SOURCE
Original cataloging agency SEKU
050 ## - LIBRARY OF CONGRESS CALL NUMBER
Classification number K 3175
Item number .K35 2016
100 ## - MAIN ENTRY--PERSONAL NAME
Personal name Kaluma, Peter
245 ## - TITLE STATEMENT
Title Judicial review: law procedures and practise
250 ## - EDITION STATEMENT
Edition statement 2nd
260 ## - PUBLICATION, DISTRIBUTION, ETC. (IMPRINT)
Place of publication, distribution, etc. Nairobi: Kenya
Name of publisher, distributor, etc. lawAfrica,
Date of publication, distribution, etc. 2016.
300 ## - PHYSICAL DESCRIPTION
Extent 343p.:
600 ## - SUBJECT ADDED ENTRY--PERSONAL NAME
Source of heading or term Judicisl
650 ## - SUBJECT ADDED ENTRY--TOPICAL TERM
Topical term or geographic name as entry element Judicial review
General subdivision administrative acts
942 ## - ADDED ENTRY ELEMENTS (KOHA)
Source of classification or shelving scheme Library of Congress Classification
Koha item type General circulation
Holdings
Withdrawn status Lost status Source of classification or shelving scheme Damaged status Not for loan Home library Current library Shelving location Date acquired Source of acquisition Total Checkouts Full call number Barcode Date last seen Date last checked out Price effective from Koha item type
    Library of Congress Classification     School of Law Library Main Campus Library General Stacks 14/10/2023 Purchase 1 K 3175 .K35 2016 2023/026145 22/10/2024 07/10/2024 14/10/2023 General circulation
    Library of Congress Classification     School of Law Library School of Law Library General Stacks 14/10/2023 Purchase   K 3175 .K35 2016 2023/026144 14/10/2023   14/10/2023 General circulation
    Library of Congress Classification     School of Law Library School of Law Library General Stacks 14/10/2023 Purchase   K 3175 .K35 2016 2023/026143 14/10/2023   14/10/2023 General circulation
    Library of Congress Classification     School of Law Library School of Law Library General Stacks 14/10/2023 Purchase   K 3175 .K35 2016 2023/026142 24/02/2025   14/10/2023 General circulation
    Library of Congress Classification     School of Law Library School of Law Library General Stacks 14/10/2023 Purchase   K 3175 .K35 2016 2023/026141 14/10/2023   14/10/2023 General circulation
Kitui, Kenya.
+254736116989
library@seku.ac.ke